000 00313nam a22001337a 4500
008 170526b xxu||||| |||| 00| 0 eng d
020 _a354019899
041 _aeng
080 _a007.52
100 _a27
101 _aIM
245 _aSENSORS AND SENSORY SYSTEMS FOR ADVANCED ROBOTS
_cDARIO, P
942 _2udc
_cBK
999 _c14482
_d14482